La democratisation de l'enseignement aujourd'hui
Αποθηκεύτηκε σε:
| Κύριος συγγραφέας: | |
|---|---|
| Μορφή: | Βιβλίο |
| Γλώσσα: | French |
| Δημοσίευση: |
Paris :
ESF,
1994
|
| Σειρά: | Collection Pedagogies,
|
| Θέματα: | |
| Ετικέτες: |
Προσθήκη ετικέτας
Δεν υπάρχουν, Καταχωρήστε ετικέτα πρώτοι!
|
MARC
| LEADER | 00000nam a2200000 i 4500 | ||
|---|---|---|---|
| 001 | 1/83971 | ||
| 008 | 980306s1994 fre d | ||
| 020 | |a 2-7101-1066-0 | ||
| 035 | |a 1997 |b 3 |c Καϊλα |l 10034329 | ||
| 040 | |a GR-MY-UA |b gre |e aacr | ||
| 041 | 0 | |a fre | |
| 082 | 0 | |a 370.19340944 | |
| 100 | 1 | |a Langouet, Gabriel. | |
| 245 | 1 | 3 | |a La democratisation de l'enseignement aujourd'hui / |c Gabriel Langouet |
| 260 | |a Paris : |b ESF, |c 1994 | ||
| 300 | |a 187 p. | ||
| 490 | 1 | |a Collection Pedagogies | |
| 650 | 0 | 0 | |a Educational equalization |z France. |
| 650 | 0 | 0 | |a Education |x Social aspects |z France. |
| 830 | 0 | |a Collection Pedagogies, |x 1158-4580 | |
| 852 | |a INST |b RHODES |e 19980306 |h 370.19340944 LAN |p 005400011098 |q 005400011098 |t BK |y 0 | ||
| 901 | |a BIBL-1998-1 | ||
| 909 | |a Ρ |b 052399 |c 1997 | ||